Modern art : (Record no. 608334)
[ view plain ]
| 000 -LEADER | |
|---|---|
| fixed length control field | 02382cam a22003737i 4500 |
| 001 - CONTROL NUMBER | |
| control field | 17678838 |
| 003 - CONTROL NUMBER IDENTIFIER | |
| control field | OSt |
| 005 - DATE AND TIME OF LATEST TRANSACTION | |
| control field | 20240227115956.0 |
| 008 - FIXED-LENGTH DATA ELEMENTS--GENERAL INFORMATION | |
| fixed length control field | 130329s2012 gw a b 001 0 eng d |
| 010 ## - LIBRARY OF CONGRESS CONTROL NUMBER | |
| LC control number | 2012532274 |
| 015 ## - NATIONAL BIBLIOGRAPHY NUMBER | |
| National bibliography number | GBB250609 |
| Source | bnb |
| 020 ## - INTERNATIONAL STANDARD BOOK NUMBER | |
| International Standard Book Number | 9783791347219 |
| 020 ## - INTERNATIONAL STANDARD BOOK NUMBER | |
| International Standard Book Number | 3791347217 |
| 020 ## - INTERNATIONAL STANDARD BOOK NUMBER | |
| Canceled/invalid ISBN | 9783791347226 |
| 035 ## - SYSTEM CONTROL NUMBER | |
| System control number | (OCoLC)ocn794296900 |
| 040 ## - CATALOGING SOURCE | |
| Original cataloging agency | UKMGB |
| Language of cataloging | eng |
| Transcribing agency | UKMGB |
| Modifying agency | BTCTA |
| -- | OCLCO |
| -- | BDX |
| -- | NZUPM |
| -- | OHX |
| -- | YDXCP |
| -- | BWX |
| -- | ABG |
| -- | OCLCQ |
| -- | OCLCF |
| -- | OCLCQ |
| -- | NYWWB |
| -- | OCLCQ |
| -- | DLC |
| Description conventions | rda |
| Modifying agency | DLC |
| 042 ## - AUTHENTICATION CODE | |
| Authentication code | lccopycat |
| 050 00 - LIBRARY OF CONGRESS CALL NUMBER | |
| Classification number | N6490 |
| Item number | .F539 2012 |
| 072 #7 - SUBJECT CATEGORY CODE | |
| Subject category code | N |
| Source | lcco |
| 082 04 - DEWEY DECIMAL CLASSIFICATION NUMBER | |
| Classification number | 709.04 |
| Edition number | 23 |
| Author Mark | FIN 2012 |
| 100 1# - MAIN ENTRY--PERSONAL NAME | |
| Personal name | Finger, Brad. |
| 9 (RLIN) | 121449 |
| 245 10 - TITLE STATEMENT | |
| Title | Modern art : |
| Remainder of title | the groundbreaking moments / |
| Statement of responsibility, etc. | Brad Finger. |
| 260 ## - PUBLICATION, DISTRIBUTION, ETC. | |
| Place of publication, distribution, etc. | London: |
| Name of publisher, distributor, etc. | Prestel; |
| Date of publication, distribution, etc. | 2012. |
| 300 ## - PHYSICAL DESCRIPTION | |
| Extent | 187 pages : |
| Other physical details | illustrations (chiefly color) ; |
| Dimensions | 25 cm |
| 504 ## - BIBLIOGRAPHY, ETC. NOTE | |
| Bibliography, etc. note | Includes bibliographical references (page 189) and index. |
| 505 0# - FORMATTED CONTENTS NOTE | |
| Formatted contents note | Édouard Manet : Le déjeuner sur l'herbe -- Claude Monet : the birth of Impressionism -- Paul Cézanne : the artistic process -- Vincent van Gogh : Wheatfield with Crows -- Auguste Rodin : Balzac -- Henri Matisse : the harmony of Fauvism -- Pablo Picasso : Les Demoiselles d'Avignon -- Kazimir Malevich : the cosmic art of Suprematism -- Wassily Kandinsky : Abstract Art -- Marcel Duchamp : art redefined -- Max Ernest : the Surrealist melting pot -- Ernst Ludwig Kirchner : Die Brücke and Expressionism -- Diego Rivera : The court of the Fiestas and modern political art -- Alexander Calder : kinetic art and the contemporary museum -- Jackson Pollock : Abstract Expressionism and the cultural rebel -- Bridget Riley : Op Art -- Richard Hamilton : Pop Art and commercial society -- Yves Klein : the immaterial -- Jean Dubuffet : Art Brut and the outsider artist -- Nam June Paik : TV Cello and the multimedia revolution -- Chuck Close : photorealism -- Robert Smithson : Spiral Jetty and the art of entropy. |
| 650 #0 - SUBJECT ADDED ENTRY--TOPICAL TERM | |
| Topical term or geographic name entry element | Art, Modern |
| Chronological subdivision | 20th century |
| General subdivision | History. |
| 9 (RLIN) | 121474 |
| 650 #0 - SUBJECT ADDED ENTRY--TOPICAL TERM | |
| Topical term or geographic name entry element | Art, Modern |
| Chronological subdivision | 21st century |
| General subdivision | History. |
| 9 (RLIN) | 121475 |
| 856 42 - ELECTRONIC LOCATION AND ACCESS | |
| Materials specified | Publisher description |
| Uniform Resource Identifier | <a href="http://www.loc.gov/catdir/enhancements/fy1515/2012532274-d.html">http://www.loc.gov/catdir/enhancements/fy1515/2012532274-d.html</a> |
| 906 ## - LOCAL DATA ELEMENT F, LDF (RLIN) | |
| a | 7 |
| b | cbc |
| c | copycat |
| d | 2 |
| e | ncip |
| f | 20 |
| g | y-gencatlg |
| 942 ## - ADDED ENTRY ELEMENTS (KOHA) | |
| Source of classification or shelving scheme | |
| Koha item type | Book |
| Institution code [OBSOLETE] | SADA |
| Call number prefix | 709.04 FIN 2012 |
| Withdrawn status | Lost status | Source of classification or shelving scheme | Damaged status | Not for loan | Permanent Location | Current Location | Date acquired | Source of acquisition | Total Checkouts | Full call number | Barcode | Date last seen | Date last checked out | Price effective from | Koha item type |
|---|---|---|---|---|---|---|---|---|---|---|---|---|---|---|---|
| School of Art Design and Architecture (SADA) | School of Art Design and Architecture (SADA) | 05/09/2019 | Donation | 1 | 709.04 FIN 2012 | SADAD0000416 | 05/29/2025 | 03/13/2025 | 02/27/2024 | Book |
